[Event "Avoine op 30th"]
[Site "Avoine"]
[Date "2015.07.18"]
[Round "8"]
[White "Chevrier, Thomas"]
[Black "Hadet, Emmanuel"]
[Result "1-0"]
[WhiteElo "2185"]
[BlackElo "1941"]
[PlyCount "75"]
[EventDate "2015.07.18"]
[EventType "swiss"]
[EventRounds "9"]
[EventCountry "FRA"]
[SourceTitle "EXT 2016"]
[Source "ChessBase"]
[SourceDate "2015.10.08"]
[SourceVersion "1"]
[SourceVersionDate "2015.10.08"]
[SourceQuality "1"]

1. e4 c5 2. Nf3 e6 3. d4 cxd4 4. Nxd4 a6 5. Nc3 Qc7 6. Be2 b5 7. Bf3 Bb7 8. 0-0 d6 9. a4 b4 10. Na2 Nf6 11. Re1 d5 12. exd5 e5 13. d6 Bxd6 14. Bxb7 Qxb7 15. Nf5 Bc7 16. Nd6+ Bxd6 17. Qxd6 Nc6 18. Nxb4 Ne7 19. Nd3 0-0 20. Bg5 Rfd8 21. Qxe5 Ng6 22. Qg3 Ne4 23. Rxe4 Qxe4 24. Bxd8 Rxd8 25. Qe3 Qc6 26. Qc5 Qe4 27. f3 Qh4 28. Qf2 Qc4 29. a5 Rc8 30. Ra3 Qd5 31. Ra1 Qc4 32. b4 Qxc2 33. Qxc2 Rxc2 34. b5 Rc3 35. Nb4 axb5 36. a6 Rc8 37. a7 Ra8 38. Nd5 1-0

[Event "Avoine op 24th"]
[Site "Avoine"]
[Date "2009.07.25"]
[Round "8"]
[White "Chevrier, Thomas"]
[Black "Yche, Michel"]
[Result "0-1"]
[WhiteElo "2163"]
[BlackElo "1931"]
[PlyCount "86"]
[EventDate "2009.07.18"]
[EventType "swiss"]
[EventRounds "9"]
[EventCountry "FRA"]
[SourceTitle "CBM 131 Extra"]
[Source "ChessBase"]
[SourceDate "2009.09.03"]
[SourceVersion "2"]
[SourceVersionDate "2009.09.16"]
[SourceQuality "1"]

1. e4 e6 2. d4 d5 3. Nc3 Bb4 4. e5 c5 5. a3 Bxc3+ 6. bxc3 Qc7 7. Nf3 b6 8. Bb5+ Bd7 9. Bd3 Bc8 10. 0-0 Ba6 11. Bxa6 Nxa6 12. Qe2 Nb8 13. a4 Nd7 14. Ba3 Ne7 15. Nh4 Ng6 16. Qg4 Qd8 17. Nf3 h5 18. Qg5 Qxg5 19. Nxg5 Nh4 20. a5 0-0 21. h3 Rfc8 22. dxc5 bxa5 23. Rfb1 Nxc5 24. Bxc5 Rxc5 25. Rb7 Rf8 26. Rxa7 Rxc3 27. Rb1 Ng6 28. f4 Nxf4 29. Rbb7 Rg3 30. Nxf7 Rxg2+ 31. Kh1 h4 32. Rd7 Rg3 33. Kh2 Rxh3+ 34. Kg1 Rg3+ 35. Kf2 a4 36. Rd8 Rxd8 37. Nxd8 a3 38. Ra4 g5 39. Ra7 Rc3 40. Nf7 Rxc2+ 41. Ke3 Rg2 42. Nd6 a2 43. Ne8 Nh5 0-1

[Event "Avoine op 24th"]
[Site "Avoine"]
[Date "2009.07.24"]
[Round "7"]
[White "Hadet, Emmanuel"]
[Black "Chevrier, Thomas"]
[Result "1/2-1/2"]
[WhiteElo "2005"]
[BlackElo "2163"]
[PlyCount "110"]
[EventDate "2009.07.18"]
[EventType "swiss"]
[EventRounds "9"]
[EventCountry "FRA"]
[SourceTitle "CBM 131 Extra"]
[Source "ChessBase"]
[SourceDate "2009.09.03"]
[SourceVersion "2"]
[SourceVersionDate "2009.09.16"]
[SourceQuality "1"]

1. Nf3 Nf6 2. c4 c5 3. Nc3 Nc6 4. g3 g6 5. Bg2 Bg7 6. d4 cxd4 7. Nxd4 0-0 8. 0-0 Qa5 9. Nc2 d6 10. h3 Bd7 11. Bd2 Qh5 12. e4 Qxd1 13. Raxd1 Rfc8 14. b3 a5 15. Bg5 Be6 16. Ne3 Nd7 17. Ned5 Kf8 18. Na4 Ra6 19. Be3 Nb4 20. Nxb4 axb4 21. e5 Rb8 22. exd6 exd6 23. c5 dxc5 24. Nxc5 Nxc5 25. Bxc5+ Kg8 26. Bd6 Re8 27. Bxb4 Rxa2 28. Rfe1 Rc8 29. Bxb7 Rb8 30. Bc5 Rc2 31. Ba3 Bc3 32. Be4 Ra2 33. Bd6 Bxe1 34. Bxb8 Bxf2+ 35. Kh1 Kg7 36. Be5+ f6 37. Bf4 Bxb3 38. Rd7+ Kg8 39. Bd5+ Bxd5+ 40. Rxd5 g5 41. Bd6 Kf7 42. Rd3 h5 43. Bb4 h4 44. gxh4 Bxh4 45. Rd2 Ra1+ 46. Kg2 Rb1 47. Bd6 Rb3 48. Bc5 Bg3 49. Re2 Bf4 50. Bf2 Kg6 51. Ra2 Be5 52. Re2 Bb8 53. Ra2 Kh5 54. Ra6 Rb5 55. Rxf6 Rb2 1/2-1/2

[Event "Avoine op 24th"]
[Site "Avoine"]
[Date "2009.07.23"]
[Round "6"]
[White "Chevrier, Thomas"]
[Black "Payen, Arnaud"]
[Result "0-1"]
[WhiteElo "2163"]
[BlackElo "2368"]
[PlyCount "74"]
[EventDate "2009.07.18"]
[EventType "swiss"]
[EventRounds "9"]
[EventCountry "FRA"]
[SourceTitle "CBM 131 Extra"]
[Source "ChessBase"]
[SourceDate "2009.09.03"]
[SourceVersion "2"]
[SourceVersionDate "2009.09.16"]
[SourceQuality "1"]

1. e4 e5 2. Nf3 Nc6 3. Bb5 a6 4. Ba4 Nf6 5. 0-0 Be7 6. Re1 b5 7. Bb3 d6 8. c3 0-0 9. h3 a5 10. a4 b4 11. d3 Ba6 12. Bg5 Rb8 13. c4 Nd7 14. Be3 Nc5 15. d4 exd4 16. Bxd4 Nxd4 17. Nxd4 Bb7 18. Bc2 Bf6 19. b3 Re8 20. f3 Be5 21. Ra2 Qg5 22. Ne2 f5 23. Qd2 f4 24. Nd4 Qf6 25. Rd1 Rbd8 26. Qf2 g6 27. Ne2 Rd7 28. Nd2 Ne6 29. Nf1 c5 30. Nh2 h5 31. Rd3 Rg7 32. Bd1 Bc8 33. Kh1 Ng5 34. Qh4 Nxe4 35. Qxf6 Nxf6 36. Nf1 Bf5 37. Rdd2 Bb1 0-1

[Event "Issy les Moulineaux tt"]
[Site "Issy les Moulineaux"]
[Date "2008.11.23"]
[Round "3.2"]
[White "Chevrier, Thomas"]
[Black "Le Dortz, Anthony"]
[Result "0-1"]
[WhiteElo "2193"]
[BlackElo "2109"]
[PlyCount "56"]
[EventDate "2008.10.19"]
[EventType "team-tourn"]
[EventRounds "7"]
[EventCountry "FRA"]
[SourceTitle "EXT 2010"]
[Source "ChessBase"]
[SourceDate "2010.11.25"]
[SourceVersion "1"]
[SourceVersionDate "2010.11.25"]
[SourceQuality "1"]
[WhiteTeam "Saint Georges"]
[BlackTeam "Limeil"]
[WhiteTeamCountry "FRA"]
[BlackTeamCountry "FRA"]

1. e4 e5 2. Nf3 Nf6 3. Nxe5 d6 4. Nf3 Nxe4 5. d3 Nf6 6. d4 d5 7. Bg5 Be7 8. Bd3 Bg4 9. 0-0 0-0 10. Nbd2 Re8 11. c3 Bh5 12. Qc2 Bg6 13. Bxg6 hxg6 14. Ne5 c5 15. dxc5 Bxc5 16. Nef3 Nc6 17. Nb3 Bb6 18. Rad1 Qd6 19. Bxf6 gxf6 20. Qd2 Rad8 21. Nbd4 Ne5 22. Qh6 a6 23. Nxe5 Rxe5 24. Qd2 Kg7 25. Nf3 Rf5 26. Qd3 Rh8 27. g3 Rfh5 28. h4 Qxg3+ 0-1

[Event "St Chely d'Aubrac op 1st"]
[Site "St Chely d'Aubrac"]
[Date "2001.08.28"]
[Round "4"]
[White "Lagunes, Jean Renaud"]
[Black "Chevrier, Thomas"]
[Result "0-1"]
[WhiteElo "2156"]
[BlackElo "2159"]
[PlyCount "66"]
[EventDate "2001.08.26"]
[EventType "swiss"]
[EventRounds "9"]
[EventCountry "FRA"]
[SourceTitle "EXT 2002"]
[Source "ChessBase"]
[SourceDate "2001.11.25"]
[SourceVersion "1"]
[SourceVersionDate "2001.11.25"]
[SourceQuality "1"]

1. e4 c5 2. Nf3 d6 3. Bb5+ Nc6 4. d4 cxd4 5. Qxd4 Bd7 6. Bxc6 Bxc6 7. Nc3 Nf6 8. 0-0 g6 9. Bg5 Bg7 10. h3 0-0 11. Qe3 Qb6 12. Qxb6 axb6 13. Rfe1 h6 14. Bxf6 Bxf6 15. Nd5 Bxd5 16. exd5 Bxb2 17. Rab1 Bf6 18. Rxb6 Rxa2 19. Rxb7 Rxc2 20. Rd1 Ra8 21. Ne1 Rc5 22. Rb3 Ra1 23. Rbd3 Rcc1 24. Rxc1 Rxc1 25. Kf1 Bc3 26. Re3 Rxe1+ 27. Rxe1 Bxe1 28. Kxe1 Kg7 29. Ke2 Kf6 30. f4 e6 31. Ke3 exd5 32. g4 Ke6 33. Kd4 f5 0-1

[Event "FRA-chT"]
[Site "France"]
[Date "2001.04.29"]
[Round "9.9"]
[White "Chevrier, Thomas"]
[Black "Nguyen, Kim Thomas"]
[Result "1-0"]
[WhiteElo "2158"]
[BlackElo "1890"]
[PlyCount "57"]
[EventDate "2001.02.02"]
[EventType "team"]
[EventRounds "11"]
[EventCountry "FRA"]
[SourceTitle "EXT 2002"]
[Source "ChessBase"]
[SourceDate "2001.11.25"]
[SourceVersion "1"]
[SourceVersionDate "2001.11.25"]
[SourceQuality "1"]
[WhiteTeam "Auxerre"]
[BlackTeam "Gonfreville"]
[WhiteTeamCountry "FRA"]
[BlackTeamCountry "FRA"]

1. e4 e6 2. d3 d5 3. Nd2 c5 4. Ngf3 Nc6 5. g3 b6 6. Bg2 Bb7 7. 0-0 Qc7 8. exd5 exd5 9. d4 Nf6 10. Nb3 0-0-0 11. dxc5 bxc5 12. Bf4 Bd6 13. Bxd6 Qxd6 14. c4 d4 15. Ne1 d3 16. Nd2 Rhe8 17. a3 Nd4 18. Nef3 Ne2+ 19. Kh1 Ng4 20. Qa4 a6 21. b4 Qf6 22. bxc5 Qxa1 23. Bh3 Bxf3+ 24. Nxf3 Qxf1+ 25. Bxf1 Nxf2+ 26. Kg2 Ng4 27. Qxa6+ Kd7 28. Qb7+ Ke6 29. Qe4+ 1-0

[Event "FRA-chT"]
[Site "France"]
[Date "2001.02.04"]
[Round "3.7"]
[White "Chevrier, Thomas"]
[Black "Buchy, Daniel"]
[Result "1-0"]
[WhiteElo "2158"]
[BlackElo "2185"]
[PlyCount "63"]
[EventDate "2001.02.02"]
[EventType "team"]
[EventRounds "11"]
[EventCountry "FRA"]
[SourceTitle "EXT 2002"]
[Source "ChessBase"]
[SourceDate "2001.11.25"]
[SourceVersion "1"]
[SourceVersionDate "2001.11.25"]
[SourceQuality "1"]
[WhiteTeam "Auxerre"]
[BlackTeam "Drancy"]
[WhiteTeamCountry "FRA"]
[BlackTeamCountry "FRA"]

1. e4 c5 2. Nf3 Nc6 3. d4 cxd4 4. Nxd4 g6 5. c4 Bg7 6. Be3 Nf6 7. Nc3 Ng4 8. Qxg4 Nxd4 9. Qd1 e5 10. Bd3 0-0 11. 0-0 d6 12. Rc1 Be6 13. b3 a6 14. Bb1 Rc8 15. Ne2 Qf6 16. f3 b5 17. cxb5 Rxc1 18. Nxc1 axb5 19. Qd2 Qe7 20. Bd3 Rb8 21. Ne2 d5 22. Nxd4 exd4 23. Bf4 Rb7 24. Rc1 dxe4 25. Bxe4 Ra7 26. Bd3 Qa3 27. Rc2 Rb7 28. Qe2 b4 29. Rc8+ Bxc8 30. Qe8+ Bf8 31. Bh6 Qc1+ 32. Bxc1 1-0

[Event "FRA-chT"]
[Site "France"]
[Date "2001.02.02"]
[Round "1.9"]
[White "Chevrier, Thomas"]
[Black "Feuvrier, Stephanie"]
[Result "1-0"]
[WhiteElo "2158"]
[BlackElo "2048"]
[PlyCount "35"]
[EventDate "2001.02.02"]
[EventType "team"]
[EventRounds "11"]
[EventCountry "FRA"]
[SourceTitle "EXT 2002"]
[Source "ChessBase"]
[SourceDate "2001.11.25"]
[SourceVersion "1"]
[SourceVersionDate "2001.11.25"]
[SourceQuality "1"]
[WhiteTeam "Auxerre"]
[BlackTeam "Bordeaux Echecs"]
[WhiteTeamCountry "FRA"]
[BlackTeamCountry "FRA"]

1. e4 d5 2. exd5 Qxd5 3. Nc3 Qd6 4. Nf3 Nf6 5. Bc4 a6 6. 0-0 Bg4 7. d4 e6 8. h3 Bh5 9. d5 exd5 10. Re1+ Be7 11. Nxd5 Nxd5 12. Bxd5 c6 13. Bxf7+ Kxf7 14. Ng5+ Kg8 15. Qxh5 g6 16. Qg4 Bf6 17. Qc8+ Kg7 18. Qxh8+ 1-0

[Event "FRA-chT 9900"]
[Site "France"]
[Date "2000.04.02"]
[Round "7.9"]
[White "Leconte, Maria"]
[Black "Chevrier, Thomas"]
[Result "1-0"]
[WhiteElo "2257"]
[BlackElo "2159"]
[PlyCount "111"]
[EventDate "1999.02.04"]
[EventType "team"]
[EventRounds "11"]
[EventCountry "FRA"]
[SourceTitle "EXT 2001"]
[Source "ChessBase"]
[SourceDate "2000.11.22"]
[SourceVersion "1"]
[SourceVersionDate "2000.11.22"]
[SourceQuality "1"]

1. e4 Nf6 2. e5 Nd5 3. d4 d6 4. c4 Nb6 5. exd6 exd6 6. Nc3 Be6 7. d5 Bf5 8. Nf3 Be7 9. Nd4 Bg6 10. Be2 N8d7 11. 0-0 0-0 12. f4 h6 13. a4 Bf6 14. a5 Nc8 15. a6 Bxd4+ 16. Qxd4 b6 17. f5 Bh7 18. f6 Nxf6 19. Bxh6 Ne8 20. Bd2 Ne7 21. Bg5 Qd7 22. Bg4 f5 23. Bd1 Nf6 24. Ba4 Qc8 25. Rfe1 Ng6 26. Bc6 Nd7 27. Nb5 Nde5 28. Bxa8 f4 29. Ra3 Qg4 30. Nxc7 f3 31. Qxg4 f2+ 32. Kf1 fxe1Q+ 33. Kxe1 Nxg4 34. Bc6 N6e5 35. h3 Nf2 36. Bb5 Nfd3+ 37. Ke2 Rf2+ 38. Ke3 Rf5 39. Be7 Nxb2 40. Kd4 Rf4+ 41. Kc3 Nbxc4 42. Ra4 Rf7 43. Bxc4 Rxe7 44. Nb5 Rd7 45. Be2 Bg6 46. Bg4 Nxg4 47. Rxg4 Be8 48. Re4 Kf8 49. Rc4 Bh5 50. Rc8+ Kf7 51. g4 Bg6 52. Ra8 Be4 53. Kd4 Bg2 54. Rxa7 Rxa7 55. Nxa7 Bf1 56. Nb5 1-0

[Event "FRA-chT"]
[Site "France"]
[Date "1999.??.??"]
[Round "8"]
[White "Lefebvre, Herve"]
[Black "Chevrier, Thomas"]
[Result "0-1"]
[WhiteElo "2119"]
[BlackElo "2156"]
[PlyCount "80"]
[EventDate "1999.02.??"]
[EventType "team"]
[EventRounds "11"]
[EventCountry "FRA"]
[SourceTitle "EXT 2000"]
[Source "ChessBase"]
[SourceDate "1999.11.16"]
[SourceVersion "1"]
[SourceVersionDate "1999.11.16"]
[SourceQuality "1"]

1. d4 f5 2. Nf3 Nf6 3. g3 e6 4. Bg2 Be7 5. 0-0 0-0 6. c3 d6 7. Qb3 Kh8 8. Ng5 d5 9. Bf4 Nh5 10. Nf3 Nxf4 11. gxf4 Bd6 12. e3 b6 13. Nbd2 Ba6 14. Rfe1 Nd7 15. c4 c6 16. Rac1 Qe7 17. cxd5 cxd5 18. Bf1 Bxf1 19. Kxf1 h6 20. Ne5 Nxe5 21. dxe5 Bb4 22. Red1 Bxd2 23. Rxd2 Qh4 24. Rc7 Qxh2 25. Rdc2 Rad8 26. R2c6 d4 27. Rd6 dxe3 28. Qxe3 Rc8 29. Rdd7 Rxc7 30. Rxc7 Qh1+ 31. Ke2 Rd8 32. Rc1 Qd5 33. b3 Qa5 34. a4 Qb4 35. Rc4 Qa3 36. Qc3 Kh7 37. Rc7 Rd5 38. Rxa7 Rc5 39. Qg3 Rc2+ 40. Kd3 Qxb3+ 0-1

[Event "FRA-chT"]
[Site "France"]
[Date "1999.??.??"]
[Round "9"]
[White "Renet, Olivier"]
[Black "Chevrier, Thomas"]
[Result "1-0"]
[WhiteElo "2500"]
[BlackElo "2156"]
[PlyCount "71"]
[EventDate "1999.02.??"]
[EventType "team"]
[EventRounds "11"]
[EventCountry "FRA"]
[SourceTitle "EXT 2000"]
[Source "ChessBase"]
[SourceDate "1999.11.16"]
[SourceVersion "1"]
[SourceVersionDate "1999.11.16"]
[SourceQuality "1"]

1. Nf3 Nf6 2. c4 g6 3. Nc3 Bg7 4. e4 d6 5. d4 0-0 6. Be2 e5 7. 0-0 Nc6 8. d5 Ne7 9. Ne1 Ne8 10. Be3 f5 11. f3 f4 12. Bf2 a5 13. c5 dxc5 14. Bxc5 g5 15. Rc1 h5 16. Nb5 Rf6 17. Nd3 Rh6 18. Nf2 Ng6 19. Rc3 Bd7 20. a4 Bf8 21. Bxf8 Kxf8 22. Qc2 c6 23. dxc6 Bxc6 24. Rd1 Qe7 25. Bc4 Nf6 26. Nd6 Nh4 27. g3 Rd8 28. Nf7 Rxd1+ 29. Nxd1 Rg6 30. gxh4 gxh4+ 31. Kf1 Ne8 32. Qb3 h3 33. Qa3 Rg2 34. Qxe7+ Kxe7 35. Nxe5 Rxh2 36. Ng6+ 1-0

[Event "NATO-ch"]
[Site "Viborg"]
[Date "1996.??.??"]
[Round "6"]
[White "Hammond, Andrew JC"]
[Black "Chevrier, Thomas"]
[Result "1-0"]
[WhiteElo "2225"]
[BlackElo "2170"]
[PlyCount "79"]
[EventDate "1996.11.18"]
[EventType "swiss"]
[EventRounds "7"]
[EventCountry "DEN"]
[SourceTitle "CBM 055 Extra"]
[Source "ChessBase"]
[SourceDate "1997.01.01"]
[SourceVersion "1"]
[SourceVersionDate "1997.01.01"]
[SourceQuality "1"]

1. d4 d5 2. Nf3 Nf6 3. c4 c6 4. Nc3 e6 5. Qc2 a6 6. Bg5 Be7 7. 0-0-0 0-0 8. Bxf6 Bxf6 9. e4 b5 10. h4 bxc4 11. g4 a5 12. g5 Be7 13. Rg1 Na6 14. Ne5 Qb6 15. Ng4 Nb4 16. Qb1 Ba6 17. exd5 cxd5 18. Nf6+ Bxf6 19. gxf6 g6 20. h5 Nd3+ 21. Bxd3 cxd3 22. Rxd3 Bxd3 23. Qxd3 Rab8 24. b3 Qc7 25. Qe3 Rfc8 26. Rg3 Kh8 27. Kb2 Rg8 28. hxg6 Rxg6 29. Rxg6 fxg6 30. Qxe6 Rc8 31. Ne2 a4 32. f7 Kg7 33. Qe8 a3+ 34. Kxa3 Qd6+ 35. Kb2 Qf8 36. Qd7 h5 37. Nf4 Rd8 38. Ne6+ Kf6 39. Nxd8 Qb4 40. Qe6+ 1-0

[Event "FRA-ch Accession"]
[Site "Chambery"]
[Date "1994.??.??"]
[Round "9"]
[White "Chevrier, Thomas"]
[Black "Marzolo, Cyril"]
[Result "0-1"]
[WhiteElo "2110"]
[BlackElo "1970"]
[PlyCount "72"]
[EventDate "1994.??.??"]
[EventType "swiss"]
[EventRounds "11"]
[EventCountry "FRA"]
[SourceTitle "EXT 2004"]
[Source "ChessBase"]
[SourceDate "2003.11.25"]
[SourceVersion "1"]
[SourceVersionDate "2003.11.25"]
[SourceQuality "1"]

1. d4 d5 2. c4 c6 3. Nf3 Nf6 4. Nc3 a6 5. Bg5 Ne4 6. Bh4 Qa5 7. cxd5 Nxc3 8. Qd2 e5 9. bxc3 e4 10. dxc6 Nxc6 11. Qe3 Bf5 12. Nd2 Be7 13. Bxe7 Nxe7 14. Nb3 Qc7 15. Rc1 0-0 16. Qd2 Qd6 17. e3 b6 18. g3 a5 19. Bg2 a4 20. Na1 Ng6 21. 0-0 Ne5 22. f3 Nxf3+ 23. Bxf3 exf3 24. Rxf3 Be4 25. Rf4 f5 26. Nc2 b5 27. Nb4 Rac8 28. a3 Rc7 29. Qe2 Rc4 30. Qh5 g6 31. Qg5 Rfc8 32. g4 Kh8 33. h4 Rxc3 34. Rcf1 Rxe3 35. Rxe4 Rxe4 36. gxf5 Qxd4+ 0-1